Follow the Instructions - End of Lent Quiz Stats

 Plays Quiz Updated Jan 11, 2019

Support Sporcle.
Go Orange.
Score 0/22 Timer 08:00
0 Plays Today
Instruction Resulting String % Correct
????
100%
????
74.2%
????
72.1%
????
61%
????
59.2%
????
57.2%
????
50%
????
49.9%
????
40.4%
????
35.9%
????
35.3%
Instruction Resulting String % Correct
????
34.4%
????
33.2%
????
32.1%
????
30.9%
????
28.5%
????
27.9%
????
27.5%
????
22.5%
????
19.9%
????
19.1%
????
17.2%

You're not logged in!

Compare scores with friends on all Sporcle quizzes.
OR
Log In
Forgot?

From the Vault

Click an HBO Show (2010s)

by qlh27

Now go figure out how much it would cost to watch these with all the subscriptions.
Remove Ads.
Support Sporcle.
Get the best of Sporcle when you Go Orange. This ad-free experience offers more features, more stats, and more fun while also helping to support Sporcle. Thank you for becoming a member.

Show Comments

Extras

Top Quizzes Today


Score Distribution

Your Account Isn't Verified!

In order to create a playlist on Sporcle, you need to verify the email address you used during registration. Go to your Sporcle Settings to finish the process.

Report this User

Report this user for behavior that violates our Community Guidelines.

Details: